01136nab a22002177a 4500999001500000003000400015005001700019008004100036040000700077100002900084245016600113300001500279505030900294505007200603650003500675650002800710650002000738700004300758773010400801942001300905 c5856d5856OSt20260108222046.0190514b xxu||||| |||| 00| 0 spa d cPJ 94374aCataldi, Myriam M.13aLa filiación, entre biología y derecho(s) :bbalance, consolidación y desafíos en la filiación biológica /cMyriam M. Cataldi, María Gabriela Vero. ap. 147-165 aSumario: I. Introducción.— II. El derecho civil argentino y la regla del doble vínculo filial. Pasando revista.— III. El apego a lo genético como fuente constituidora de vínculos filiales “verdaderos” y la puesta en jaque al principio de doble vínculo filial.— IV. Palabras de cierre. tSi te interesa el texto, comunicate a koha@justierradelfuego.gov.ar 091497aCODIGO CIVIL Y COMERCIAL 09967aDERECHO DE FAMILIA 091004aFILIACION 96745aVero, María Gabriela ecoautor0 0284493222dBuenos Aires : AbeledoPerrot, 1989-tDerecho de familia. N° 120 - Julio 2025z18511201 2udccANA